Zgadnij państwa na plaży - Statystyki

Ogólne statystyki
  • Ten quiz został rozwiązany 546 razy
  • Średni wynik to 6 z 10
Odpowiedzi na mapie
Odpowiedzi zakodowano w zielono-czerwonej skali na mapie do tego quizu, zgodnie z poniższymi procentami.
 
Statystyki odpowiedzi
Odpowiedź % Poprawnych
Chorwacja
97%
Mongolia
90%
San Marino
81%
Kazachstan
67%
Papua-Nowa Gwinea
64%
Zambia
48%
Cypr
46%
Kiribati
44%
Senegal | Syria
43%
Vanuatu
33%
Nie znaleziono quizów pasujących do podanych kryteriów
Rozkład punktacji
Procent ludzi z każdym wynikiem
Percentyl według liczby udzielonych odpowiedzi
Twoja historia wyników
Nie rozwiązałeś tego quizu